Collins Diccionario Español-Inglés / Inglés-Español (Registro nro. 2059)

Detalles MARC
000 -LEADER
fixed length control field 01567nam a22002057a 4500
003 - CONTROL NUMBER IDENTIFIER
control field OSt
005 - DATE AND TIME OF LATEST TRANSACTION
control field 20260409114601.0
008 - FIXED-LENGTH DATA ELEMENTS--GENERAL INFORMATION
fixed length control field 260409b |||||||| |||| 00| 0 SPA d
082 ## - DEWEY DECIMAL CLASSIFICATION NUMBER
Edition number 8425311845
Classification number 8425311845
Item number 8425311845
100 ## - MAIN ENTRY--PERSONAL NAME
Personal name Colin Smith
245 ## - TITLE STATEMENT
Title Collins Diccionario Español-Inglés / Inglés-Español
250 ## - EDITION STATEMENT
Edition statement 1RA EDICION
260 ## - PUBLICATION, DISTRIBUTION, ETC.
Place of publication, distribution, etc. Barcelona, España
Name of publisher, distributor, etc. Grijalbo / Collins.
Date of publication, distribution, etc. 1979
300 ## - PHYSICAL DESCRIPTION
Extent 640 páginas
Dimensions 16 x 24 cm.
490 ## - SERIES STATEMENT
Materials specified Tapa dura (cartoné)
520 ## - SUMMARY, ETC.
Summary, etc. Este diccionario fue diseñado para ser la herramienta definitiva de consulta bilingüe entre el español y el inglés.<br/>Su objetivo principal es ofrecer una traducción precisa que capture el uso real y contemporáneo de ambos idiomas.<br/>Busca cerrar la brecha cultural al incluir términos específicos tanto de España como de toda Latinoamérica.<br/>Prioriza la claridad, proporcionando múltiples acepciones y ejemplos de uso en contextos cotidianos y técnicos.<br/>Está dirigido a estudiantes avanzados, traductores y profesionales que requieren un nivel de detalle profundo.<br/>Facilita la comprensión de modismos, frases hechas y construcciones gramaticales complejas en ambas lenguas.<br/>Aspira a ser una obra de referencia exhaustiva que resuelva dudas semánticas con rigor académico y lingüístico.<br/>En definitiva, busca garantizar una comunicación fluida y natural para cualquier usuario de nivel internacional.
650 ## - SUBJECT ADDED ENTRY--TOPICAL TERM
Topical term or geographic name entry element Léxico Bilingüe Exhaustivo
Form subdivision Tratamiento de Modismos
General subdivision Guía de Pronunciación
700 ## - ADDED ENTRY--PERSONAL NAME
Personal name Colin Smith
942 ## - ADDED ENTRY ELEMENTS (KOHA)
Source of classification or shelving scheme Dewey Decimal Classification
Koha item type Acceso Libre
Suppress in OPAC No
Existencias
Withdrawn status Lost status Source of classification or shelving scheme Damaged status Not for loan Collection Home library Current library Shelving location Date acquired Source of acquisition Coded location qualifier Inventory number Total checkouts Full call number Barcode Date last seen Copy number Price effective from Koha item type
    Dewey Decimal Classification     Estantería F Fila 2 Biblioteca Stanford Biblioteca Stanford Biblioteca Abierta 09.04.2026 IDIOMAS 0483 0483   INGLES IDIOMA0483 09.04.2026 1 09.04.2026 Acceso Libre
Bienvenido a nuestra Biblioteca